000 01136nam0a22003131 4500
001 RU\INFOCOMM_322\NLR\5000262670
005 20250614080521.0
035 _a(NLR Aleph) 010603476
090 _a10545183
_c10545183
100 _a20130324d1983 |||y0rusy50 ca
101 0 _aeng
_drus
102 _aRU
105 _ay z||||
200 1 _aInverse scattering method and quantum theory of string
_fG. P. Pron'ko
210 _aSerpukhov
_cИн-т физики высоких энергий
_d1983
215 _a10 с.
_d24 см
225 1 _aInstitute for high energy physics
_vИФВЭ 83-186
300 _aВ вып. дан.: Метод обратной задачи и квантовая теория струны / Г. П. Пронько
300 _aРез. на рус. яз.
320 _aБиблиогр.: с. 10
606 0 _aКвантовая теория поля
_2nlr_sh1
620 _aСерпухов
686 _aВ315.2
_2rubbk
700 1 _aPron'ko
_bG. P.
_gGeorgij Pavlovič
801 1 _aRU
_bInfocomm
_c20130324
801 0 _aRU
_bINFOCOMM
_gPSBO
852 _aNLR
_jФз01 Д-8/563
942 _cBOOK
980 _aNB